Normal view MARC view
  • Dr. Hammad Ur Rehman

Entry Personal Name

Number of records used in: 1

001 - CONTROL NUMBER

  • control field: 35110

003 - CONTROL NUMBER IDENTIFIER

  • control field: NUST

005 - DATE AND TIME OF LATEST TRANSACTION

  • control field: 20201111104549.0

008 - FIXED-LENGTH DATA ELEMENTS

  • fixed length control field: 201111|| aca||aabn | a|a d

040 ## - CATALOGING SOURCE

  • Original cataloging agency: NUST
  • Transcribing agency: NUST

100 ## - HEADING--PERSONAL NAME

  • Personal name: Dr. Hammad Ur Rehman

670 ## - SOURCE DATA FOUND

  • Source citation: Work cat.: (NUST): Hussain, Mubashir 35109, In Vivo Separate Model Analysis with Scale Invariant Feature Transform (SIFT) in Digital Image Elasto Tomography( DIET) for Breast Cancer Screening Test /, 2015.
© 2023 Central Library, National University of Sciences and Technology. All Rights Reserved.